LEADER 00855cam2 22002531 450 001 SOBE00019172 005 20111028160814.0 100 $a20111028d1951 |||||ita|0103 ba 101 $afre$alat 102 $aFR 200 0 $a2 210 $aParis$cSociete d'edition "Les belles lettres"$d1951 215 $a213 p.$d20 cm 461 1$1001SOBE00019149$12001 $aLettres / Saint Jérôme ; texte établi et traduit par Jérôme Labourt 700 0$aHieronymus $3A600200025640$4070$0187193 801 0$aIT$bUNISOB$c20111028$gRICA 850 $aUNISOB 852 $aUNISOB$j870|Coll|3|K$m14529 912 $aSOBE00019172 940 $aM 102 Monografia moderna SBN 941 $aW 957 $a870|Coll|3|K$b0000001$i-2$gSI$d14529$racquisto$tN$1cutolo$2UNISOB$3UNISOB$420111028160721.0$520120412101440.0$6cutolo 996 $a2$91720091 997 $aUNISOB LEADER 01320nam0 22002891i 450 001 VAN0019876 005 20151016120440.758 010 $a08-518-6355-8 100 $a20040714d1993 |0itac50 ba 101 $aeng 102 $aGB 105 $a|||| 1|||| 200 1 $aˆThe ‰chemistry and deposition of nitrogen species in the troposphere$fedited by A. T. Cocks 210 $aCambridge$cRoyal Society of Chemistry$d1993 215 $aIX, 133 p.$cill.$d24 cm. 620 $dCambridge$3VANL000024 676 $a628.5$cTecnologia del controllo dell'inquinamento e ingegneria sanitaria industriale$v22 676 $a577.14$cChimica ambientale$v22 702 1$aCocks$bAlan T.$3VANV016073 712 $aRoyal society of chemistry $3VANV108267$4650 790 1$aCocks, A. T.$zCocks, Alan T.$3VANV101813 801 $aIT$bSOL$c20230616$gRICA 899 $aBIBLIOTECA DEL DIPARTIMENTO DI SCIENZE E TECNOLOGIE AMBIENTALI BIOLOGICHE E FARMACEUTICHE$1IT-CE0101$2VAN17 912 $aVAN0019876 950 $aBIBLIOTECA DEL DIPARTIMENTO DI SCIENZE E TECNOLOGIE AMBIENTALI BIOLOGICHE E FARMACEUTICHE$d17CONS Cf3 $e17FSA557 20040714 $sBuono 996 $aChemistry and deposition of nitrogen species in the troposphere$91427834 997 $aUNICAMPANIA